000
00250nam a2200097Ia 4500
001
1194683
005
20250827021733.0
008
250824s9999 xx 000 0 und d
245
0
_a
KÖSEM SULTAN
_c
AHMET HALDUN TERZİOĞLU
260
_b
PANAMA YAYINLARI
999
_c
1194683
_d
1194683